<?xml version="1.0" encoding="UTF-8"?>
<resp>
  <nextPage>https://data.bn.org.pl/api/networks/bibs.marcxml?marc=001+b00001150002929&amp;sinceId=1150002930</nextPage>
  <collection>
    <record xmlns='http://www.loc.gov/MARC21/slim'><leader>00953namZa2200301ZiZ4500</leader><controlfield tag='001'>b00001150002929</controlfield><controlfield tag='005'>20241203214654.8</controlfield><controlfield tag='008'>230609s        pl           |000 0 pol c</controlfield><controlfield tag='009'>9913262105305606</controlfield><datafield ind1=' ' ind2=' ' tag='020'><subfield code='a'>8391468429</subfield></datafield><datafield ind1=' ' ind2=' ' tag='035'><subfield code='a'>KR_1KR_1_20120317235700045367-48omnis_kr</subfield></datafield><datafield ind1=' ' ind2=' ' tag='035'><subfield code='a'>KR_1_20120317235700045367</subfield><subfield code='9'>ExL</subfield></datafield><datafield ind1=' ' ind2=' ' tag='035'><subfield code='a'>(PL)b00001150002929</subfield></datafield><datafield ind1=' ' ind2=' ' tag='040'><subfield code='a'>KR_1</subfield><subfield code='c'>KR_1</subfield></datafield><datafield ind1='0' ind2=' ' tag='041'><subfield code='a'>pol</subfield></datafield><datafield ind1='1' ind2=' ' tag='100'><subfield code='a'>Onichimowska, Anna</subfield></datafield><datafield ind1='1' ind2='0' tag='245'><subfield code='a'>Sen, który odszedł /</subfield><subfield code='c'>Anna Onichimowska ; il. Krystyna Lipka-Sztarbałło.</subfield></datafield><datafield ind1=' ' ind2=' ' tag='260'><subfield code='a'>W-wa :</subfield><subfield code='b'>Agencja Edytorska &quot;Ezop&quot;,</subfield><subfield code='c'>2001.</subfield></datafield><datafield ind1=' ' ind2=' ' tag='300'><subfield code='a'>[38] s. :</subfield><subfield code='b'>il. kolor. ;</subfield><subfield code='c'>21x24 cm.</subfield></datafield><datafield ind1='1' ind2=' ' tag='490'><subfield code='a'>Książka z Zebrą</subfield></datafield><datafield ind1=' ' ind2=' ' tag='500'><subfield code='a'>d</subfield></datafield><datafield ind1='1' ind2=' ' tag='700'><subfield code='a'>Lipka-Sztarbałło, Krystyna.</subfield><subfield code='e'>Il.</subfield></datafield><datafield ind1=' ' ind2=' ' tag='852'><subfield code='b'>48OMNIS_NETWORK</subfield><subfield code='8'>9913262105305606</subfield></datafield><datafield ind1=' ' ind2=' ' tag='852'><subfield code='b'>48OMNIS_KR</subfield><subfield code='8'>991000029279708216</subfield></datafield><datafield ind1=' ' ind2=' ' tag='920'><subfield code='a'>83-914684-2-9</subfield></datafield></record>
  </collection>
</resp>
